Gis đại cương phần thực hành
DL007
Gardado en:
| Autor Principal: | |
|---|---|
| Outros autores: | |
| Formato: | Libro |
| Idioma: | Undetermined |
| Publicado: |
Tp.HCM
Đại học quốc gia Tp.HCM
2003
|
| Những chủ đề: | |
| Acceso en liña: | http://lrc.tdmu.edu.vn/opac/search/detail.asp?aID=2&ID=3341 |
| Các nhãn: |
Engadir etiqueta
Sen Etiquetas, Sexa o primeiro en etiquetar este rexistro!
|
| Thư viện lưu trữ: | Trung tâm Học liệu Trường Đại học Thủ Dầu Một |
|---|
| LEADER | 00991nam a2200229Ia 4500 | ||
|---|---|---|---|
| 001 | TDMU_3341 | ||
| 008 | 210410s9999 xx 000 0 und d | ||
| 082 | |a 005.5 | ||
| 090 | |b T685 | ||
| 100 | |a Trần, Vĩnh Phước | ||
| 245 | 0 | |a Gis đại cương | |
| 245 | 0 | |b phần thực hành | |
| 245 | 0 | |c Trần Vĩnh Phước, Lưu Đình Hiệp, Phạm Thị Bích Liên, Trần Vĩnh Trung, Phan Hiền Vũ, Nguyễn Văn Xanh | |
| 260 | |a Tp.HCM | ||
| 260 | |b Đại học quốc gia Tp.HCM | ||
| 260 | |c 2003 | ||
| 300 | |a 199tr. | ||
| 520 | |a DL007 |d Hệ thống thông tin địa lý (GIS); KHQL Thực tập hệ thống thông tin địa lý ứng dụng | ||
| 650 | |a Phần mềm ứng dụng; Hệ thống thông tin địa lý | ||
| 700 | |a Lưu, Đình Hiệp | ||
| 856 | |u http://lrc.tdmu.edu.vn/opac/search/detail.asp?aID=2&ID=3341 | ||
| 980 | |a Trung tâm Học liệu Trường Đại học Thủ Dầu Một | ||